000 00615nam a2200181 a 4500
008 120416s1989 ||||||||||||||||| || u
020 _a0435331450
050 _aHB 74.5 TEA
100 _aAtkinson, G. B. J
245 1 0 _aTeaching economics (3rd ed.)
_cedited by G.B.J. Atkinson
250 _a3rd ed.
260 _aOxford:
_bHeinemann
_c1989
300 _avi, 369p.
350 _a0.00
490 _aECONOMICS--STUDY AND TEACHING
650 0 _aECONOMICS
995 _D0.00
_FCBU-MAIN LIBRARY (Kitwe)
_H1
_I8.65
_M1
_UAVAILABLE
_ZMain Library Open Access Collection
999 _c59478
_d59478